[Event "Tournoi Skype 016A"]
[Site "Skype"]
[Date "????.??.??"]
[Round "5.19"]
[White "Rochette, Mathieu"]
[Black "Yardimci, Ertan"]
[Result "1/2-1/2"]
[WhiteElo "1516"]
[BlackElo "1494"]
[PlyCount "89"]

1. d4 Nf6 2. c4 e6 3. Nc3 d5 4. Nf3 b6 5. Bg5 Be7 6. Qc2 Nbd7 7. e3 h6 8. Bf4
a6 9. Bd3 dxc4 10. Bxc4 b5 11. Bd3 Bb7 12. Ne5 Nb6 13. O-O Nbd5 14. Ne2 Nb4 15.
Qb1 Nxd3 16. Qxd3 O-O 17. Ng3 Rc8 18. Rac1 c5 19. dxc5 Rxc5 20. Rxc5 Bxc5 21.
Rd1 Qe7 22. Nd7 Nxd7 23. Qxd7 Qxd7 24. Rxd7 Bd5 25. Bd6 Bxd6 26. Rxd6 Ra8 27.
b3 Bb7 28. Ne2 Rc8 29. Rb6 Rc2 30. Kf1 Rxa2 31. Rxb7 Ra1+ 32. Nc1 Rxc1+ 33. Ke2
Rc2+ 34. Kf3 f6 35. Rb6 Rc3 36. Rxa6 e5 37. Ke2 Rxb3 38. Ra2 b4 39. Kd2 e4 40.
Kc2 Rd3 41. Rb2 Rc3+ 42. Kd2 Rc4 43. g3 Kf7 44. Rc2 Rxc2+ 45. Kxc2 1/2-1/2

[Event "Tournoi Skype 016A"]
[Site "Skype"]
[Date "????.??.??"]
[Round "5.20"]
[White "Yeter, Orhan"]
[Black "Korkmaz, Serdar"]
[Result "1-0"]
[WhiteElo "1505"]
[BlackElo "1449"]
[PlyCount "97"]

1. e4 c6 2. d4 d5 3. Nc3 dxe4 4. Nxe4 Bf5 5. Ng3 Bg6 6. h4 h6 7. h5 Bh7 8. Bd3
Qxd4 9. Nf3 Qd5 10. Bxh7 Qxd1+ 11. Kxd1 Rxh7 12. Bf4 Nd7 13. Kd2 e6 14. Rad1
Ngf6 15. Kc1 Nd5 16. Bd2 O-O-O 17. Ne4 N5f6 18. Nc3 Bc5 19. Be1 Rhh8 20. Nd2
Nb6 21. f3 Be3 22. Kb1 Nbd5 23. Nxd5 Nxd5 24. Nc4 Nc3+ 25. Bxc3 Bf4 26. Bxg7
Rhg8 27. Rxd8+ Kxd8 28. Bf6+ Kc8 29. g4 Re8 30. Rd1 Rf8 31. Rd4 Bg3 32. Be5 Bf2
33. Rd1 c5 34. Nd6+ Kc7 35. Nxf7+ Kc6 36. Nd8+ Kb6 37. f4 Ka6 38. Nxe6 Rg8 39.
Nc7+ Ka5 40. g5 hxg5 41. f5 g4 42. Bc3+ Kb6 43. Nd5+ Ka6 44. Nc7+ Kb6 45. Ne6
g3 46. Rd6+ Kb5 47. Nc7+ Kc4 48. Bd2 g2 49. b3# 1-0

[Event "Tournoi Skype 016A"]
[Site "Skype"]
[Date "????.??.??"]
[Round "5.22"]
[White "Aceituno, Stebe"]
[Black "Colak, Remzi"]
[Result "0-1"]
[WhiteElo "1626"]
[BlackElo "1465"]
[PlyCount "70"]

1. e4 d6 2. Bc4 Nf6 3. Nc3 g6 4. d4 Bg7 5. Nf3 O-O 6. Bf4 c6 7. Qd2 Bg4 8. h3
Bxf3 9. gxf3 Nbd7 10. Bh6 e5 11. Bxg7 Kxg7 12. dxe5 dxe5 13. O-O-O b5 14. Bb3
Nc5 15. Qg5 Qe7 16. h4 h6 17. Qg3 Nh5 18. Qg4 Qf6 19. Rhg1 Rad8 20. Rxd8 Rxd8
21. Qxh5 Ne6 22. Bxe6 Qxe6 23. Qg4 Qc4 24. h5 g5 25. f4 exf4 26. Qxf4 b4 27.
Qe5+ Kg8 28. Nd1 Qxa2 29. c3 Qa1+ 30. Kc2 Qa4+ 31. Kc1 b3 32. Qd4 Rxd4 33. cxd4
Qxd4 34. Nc3 Qxf2 35. Rd1 Qc2# 0-1

[Event "Tournoi Skype 016A"]
[Site "Skype"]
[Date "????.??.??"]
[Round "5.23"]
[White "Holtz, Steve"]
[Black "L'Herbon De Lussats, Jean"]
[Result "0-1"]
[WhiteElo "1545"]
[BlackElo "1507"]
[PlyCount "52"]

1. d4 e6 2. e4 d5 3. e5 c5 4. c3 a6 5. Nf3 Nc6 6. Bd3 Qb6 7. a3 cxd4 8. cxd4
Nxd4 9. Qa4+ Nc6 10. Nc3 Bd7 11. Qc2 g6 12. Bg5 Bg7 13. Na4 Qc7 14. Be3 Rc8 15.
Bb6 Qb8 16. Qe2 Nxe5 17. Nc5 Bc6 18. O-O Nh6 19. h3 O-O 20. Rfe1 Nxd3 21. Nxd3
Bb5 22. Qd2 Rc6 23. Be3 Nf5 24. Bf4 Qc8 25. Nde5 Rc2 26. Nxg6 Rxd2 0-1

[Event "Tournoi Skype 016A"]
[Site "Skype"]
[Date "????.??.??"]
[Round "5.24"]
[White "Meaney, Mike"]
[Black "Malbec, Robert"]
[Result "0-1"]
[WhiteElo "1491"]
[BlackElo "1525"]
[PlyCount "94"]

1. Nf3 d5 2. e3 Bg4 3. Be2 Nf6 4. h3 Bf5 5. b3 e6 6. Bb2 Be7 7. O-O O-O 8. d3
Nc6 9. Nbd2 Bd6 10. c4 Qd7 11. Bxf6 gxf6 12. d4 b6 13. a3 Kh8 14. Rc1 Bxa3 15.
Ra1 Bd6 16. Nh4 Ne7 17. Nxf5 Nxf5 18. Bg4 Nh6 19. Bh5 Rg8 20. Qf3 Be7 21. e4 c6
22. Qf4 e5 23. dxe5 Qxh3 24. Bf3 Rg6 25. g3 Ng4 26. Bxg4 Rxg4 27. Qf3 h5 28.
Qg2 Qxg2+ 29. Kxg2 fxe5 30. Rh1 h4 31. Nf3 Rxe4 32. Rad1 Rd8 33. Rh3 Re2 34.
Nxh4 Bxh4 35. Rxh4+ Kg7 36. Rdh1 Kf6 37. Rh6+ Ke7 38. R1h5 c5 39. Rh7 d4 40.
Rf5 Rf8 41. Rhh5 Ke6 42. Rf3 f6 43. g4 e4 44. Rxf6+ Rxf6 45. Rf5 Rxf5 46. gxf5+
Kxf5 47. Kf1 d3 0-1

[Event "Tournoi Skype 016A"]
[Site "Skype"]
[Date "????.??.??"]
[Round "5.25"]
[White "Vello, Pablo"]
[Black "Gharbi, Said"]
[Result "0-1"]
[WhiteElo "1464"]
[BlackElo "1511"]
[PlyCount "68"]

1. d4 e5 2. dxe5 Nc6 3. Nf3 Qe7 4. Nc3 Nxe5 5. Nd5 Nxf3+ 6. gxf3 Qe5 7. c3 c6
8. Ne3 Bc5 9. Ng4 Qh5 10. Be3 Bb6 11. Qd6 Bd8 12. Qe5+ Qxe5 13. Nxe5 Nf6 14.
Bc5 Bc7 15. f4 d6 16. Bxd6 Bxd6 17. O-O-O Bxe5 18. fxe5 Ne4 19. Rg1 Nxf2 20.
Rd6 O-O 21. Rf6 Ng4 22. Rf4 Nxe5 23. Rf6 Ng4 24. Rd6 Nxh2 25. Bg2 Be6 26. a3
Rad8 27. Rgd1 Rxd6 28. Rxd6 Bg4 29. Kd2 h6 30. Ke3 Re8+ 31. Kf4 Bxe2 32. Bh3
Nf3 33. Rd7 Ng5 34. Bg4 Re4+ 0-1

[Event "Tournoi Skype 016A"]
[Site "Skype"]
[Date "????.??.??"]
[Round "5.26"]
[White "Grib, Johannes"]
[Black "Galani, Mahendra"]
[Result "1-0"]
[WhiteElo "1472"]
[BlackElo "1507"]
[PlyCount "83"]

1. d4 d5 2. c4 e6 3. Nf3 Nf6 4. Bg5 Be7 5. c5 Ne4 6. Bxe7 Qxe7 7. g3 Nc6 8. Bg2
O-O 9. Ne5 Rd8 10. Nxc6 bxc6 11. f3 Ng5 12. h4 Nxf3+ 13. Bxf3 Rb8 14. Qd2 e5
15. Rf1 e4 16. Bg2 Qe6 17. Qf4 Rd7 18. b3 Rb4 19. e3 Ba6 20. Rh1 Qg6 21. g4 Qh6
22. Qxh6 gxh6 23. h5 f6 24. Nc3 Rg7 25. Bh3 Rg5 26. Ne2 Bc8 27. Rg1 Rb8 28. Kf2
Kh8 29. Rg3 Be6 30. Nf4 Bd7 31. Rag1 f5 32. gxf5 Bxf5 33. Bxf5 Rxf5 34. Rg7 Rc8
35. R1g3 a6 36. Kg2 Rcf8 37. Rxc7 R5f7 38. Rxc6 a5 39. Rxh6 Rg7 40. Ng6+ Rxg6
41. hxg6 Kg7 42. Rxh7+ 1-0

[Event "Tournoi Skype 016A"]
[Site "Skype"]
[Date "????.??.??"]
[Round "5.27"]
[White "Kruzeniski, Randy"]
[Black "Tripathi, Rajnikant"]
[Result "0-1"]
[WhiteElo "1549"]
[BlackElo "1544"]
[PlyCount "58"]

1. d4 c6 2. e3 d5 3. Bd3 Nf6 4. Nd2 Nbd7 5. f4 Nb6 6. Ngf3 e6 7. O-O c5 8. c3
Bd7 9. Ne5 cxd4 10. exd4 Ba4 11. b3 Bc6 12. Rf3 Qc7 13. Rh3 Bd6 14. Bb2 g6 15.
a4 Nbd7 16. Ndf3 Nh5 17. Qd2 O-O 18. g4 Ng7 19. Qf2 a6 20. Qh4 Nf6 21. Ng5 h5
22. gxh5 Nfxh5 23. Rf1 Be7 24. Qg4 Nf5 25. Ngxf7 Rxf7 26. Nxf7 Kxf7 27. c4 Rg8
28. Rf2 Bf6 29. Rxh5 gxh5 0-1

[Event "Tournoi Skype 016A"]
[Site "Skype"]
[Date "????.??.??"]
[Round "5.28"]
[White "Prasad Singh, Ambika"]
[Black "Fouquereau, Andre"]
[Result "0-1"]
[WhiteElo "1579"]
[BlackElo "1590"]
[PlyCount "84"]

1. e4 e5 2. Nf3 d6 3. Bc4 Be7 4. O-O Nf6 5. d4 exd4 6. e5 dxe5 7. Nxe5 O-O 8.
Nxf7 Rxf7 9. Bxf7+ Kxf7 10. h3 c5 11. Nd2 Bf5 12. Nf3 Nc6 13. a3 Kg8 14. Nh4
Be6 15. Re1 Qd7 16. Nf3 Nh5 17. Ng5 Bxg5 18. Bxg5 g6 19. g4 Ng7 20. Qd2 Rf8 21.
Rad1 Ne7 22. c3 Bb3 23. Rc1 d3 24. c4 Ba4 25. Rxe7 Qd4 26. Be3 Qf6 27. Rxb7 Qf3
28. Qxd3 Qxb7 29. Qc3 Ne6 30. Bh6 Rf7 31. Be3 Qf3 32. Kh2 Ng5 33. Bxc5 Qf4+ 34.
Kg2 Bc6+ 35. Kf1 Nxh3 36. Bxa7 Nxf2 37. Be3 Qf3 38. Ke1 Nxg4 39. Kd2 Qg2+ 40.
Kd3 Qe4+ 41. Ke2 Rf2+ 42. Ke1 Qh1# 0-1

[Event "Tournoi Skype 016A"]
[Site "Skype"]
[Date "????.??.??"]
[Round "6.1"]
[White "Ayotte, Jocelyn"]
[Black "Sojka, Bernard"]
[Result "1/2-1/2"]
[WhiteElo "2107"]
[BlackElo "1968"]
[PlyCount "70"]

1. d4 Nf6 2. c4 c5 3. e3 g6 4. Nf3 Bg7 5. Be2 O-O 6. O-O b6 7. Nc3 d6 8. Qc2
Nbd7 9. Rd1 Re8 10. b3 a6 11. Bb2 cxd4 12. Nxd4 Bb7 13. Bf3 Bxf3 14. Nxf3 Qc7
15. Qe2 Rac8 16. Rac1 Qb7 17. Nd4 Nc5 18. f3 Red8 19. e4 e6 20. Nc2 Qe7 21. Ne3
Nh5 22. g3 Qg5 23. Ng2 Qe7 24. Rc2 Nf6 25. Rcd2 Ne8 26. f4 b5 27. e5 dxe5 28.
b4 Rxd2 29. Qxd2 exf4 30. gxf4 Nb7 31. c5 Nxc5 32. Ne3 Nb7 33. Ncd5 exd5 34.
Nxd5 Qh4 35. Qe2 Rd8 1/2-1/2

[Event "Tournoi Skype 016A"]
[Site "Skype"]
[Date "????.??.??"]
[Round "6.2"]
[White "Plourde, Alain"]
[Black "Donmez, Unal"]
[Result "0-1"]
[WhiteElo "1886"]
[BlackElo "1937"]
[PlyCount "134"]

1. d4 d5 2. Nf3 Nc6 3. c4 e5 4. Nxe5 Nxe5 5. dxe5 d4 6. e3 Bb4+ 7. Bd2 dxe3 8.
Qa4+ Bd7 9. Qxb4 exd2+ 10. Nxd2 Ne7 11. Be2 Nc6 12. Qc3 Bf5 13. Nf3 Qe7 14. O-O
O-O 15. Rfe1 Rfe8 16. Bf1 Bg4 17. Nd4 Nd8 18. c5 c6 19. b4 Qg5 20. Qe3 Qe7 21.
h3 Bd7 22. a3 a5 23. Nf3 Ne6 24. Bc4 b6 25. Bxe6 Bxe6 26. Nd4 Bd7 27. Nb3 a4
28. Nd2 bxc5 29. Qxc5 Qxc5 30. bxc5 Ra5 31. Rac1 Rb8 32. Re3 h5 33. f4 Rb2 34.
Nc4 Rxc5 35. Nxb2 Rxc1+ 36. Kh2 c5 37. Rd3 Bc6 38. Rd8+ Kh7 39. Rc8 Bxg2 40.
Kxg2 Rc2+ 41. Kg3 Rxb2 42. Rxc5 Rb3+ 43. Kg2 Kg6 44. Rc4 Rxa3 45. Rb4 h4 46.
Rc4 Rg3+ 47. Kh2 a3 48. Ra4 Kf5 49. Ra7 Kxf4 50. Rxf7+ Kxe5 51. Ra7 Kd4 52.
Ra4+ Kc5 53. Rxh4 Rb3 54. Ra4 Rb2+ 55. Kg3 a2 56. Ra8 Kb4 57. Rb8+ Ka3 58. Ra8+
Kb3 59. Rb8+ Kc2 60. Ra8 Rb3+ 61. Kg4 Kb2 62. h4 a1=Q 63. Rxa1 Kxa1 64. h5 Rb6
65. Kg5 Kb2 66. Kf5 Kc3 67. Kg5 Kd4 0-1

[Event "Tournoi Skype 016A"]
[Site "Skype"]
[Date "????.??.??"]
[Round "6.3"]
[White "Elias, Roberto"]
[Black "Dal, Ibrahim"]
[Result "1-0"]
[WhiteElo "1847"]
[BlackElo "1704"]
[PlyCount "97"]

1. c4 e6 2. Nc3 d5 3. d4 Nf6 4. Nf3 Nbd7 5. e3 c6 6. Qc2 Bd6 7. Be2 O-O 8. O-O
dxc4 9. Bxc4 b5 10. Be2 a6 11. e4 e5 12. Rd1 Qc7 13. Be3 Bb7 14. Rac1 Rac8 15.
Qb3 Qb8 16. Rd2 exd4 17. Nxd4 Bxh2+ 18. Kf1 Bf4 19. Nf5 Rfe8 20. Rcd1 Bxe3 21.
Rxd7 Nxd7 22. Rxd7 Rf8 23. Nxe3 Rc7 24. Rd1 Rd8 25. Rc1 Rcd7 26. Bg4 Rd2 27.
Ne2 Qe5 28. Qb4 c5 29. Qa5 Qxb2 30. Qc7 Bxe4 31. Qxc5 Bd3 32. Nd1 Qxa2 33. Qe7
Bc4 34. Ndc3 Qb2 35. Kg1 Bxe2 36. Nxe2 Rd1+ 37. Rxd1 Rxd1+ 38. Kh2 g6 39. Nf4
Rd2 40. Ne6 Qe5+ 41. f4 Rxg2+ 42. Kxg2 Qe4+ 43. Kf2 Qc2+ 44. Kg3 Qc3+ 45. Kh4
Qe1+ 46. Kg5 h6+ 47. Kxh6 Qh1+ 48. Kg5 Qd5+ 49. Kf6 1-0

[Event "Tournoi Skype 016A"]
[Site "Skype"]
[Date "????.??.??"]
[Round "6.5"]
[White "Deniz, Ugur"]
[Black "Karia, Vijay"]
[Result "1-0"]
[WhiteElo "1918"]
[BlackElo "1687"]
[PlyCount "63"]

1. e4 d5 2. exd5 Qxd5 3. d4 e5 4. Be3 Nc6 5. Nf3 Bg4 6. Be2 exd4 7. Nc3 Bb4 8.
O-O Qa5 9. Nxd4 Bxe2 10. Ncxe2 Nxd4 11. Qxd4 Nf6 12. a3 Bd6 13. b4 Qf5 14. Ng3
Qg6 15. Bf4 O-O 16. Bxd6 cxd6 17. c4 Rfd8 18. Rfd1 h6 19. Qf4 Ne8 20. Nf5 Qf6
21. Rd4 Rd7 22. Rad1 Rad8 23. Ne3 Qe6 24. Qf5 Nf6 25. Qf3 Rc8 26. h3 Rc6 27.
Qf4 Ne8 28. Re4 g5 29. Rxe6 gxf4 30. Rxe8+ Kh7 31. Nd5 Kg7 32. Rd4 1-0

[Event "Tournoi Skype 016A"]
[Site "Skype"]
[Date "????.??.??"]
[Round "6.6"]
[White "Megelas, Florent"]
[Black "Jaimes, Fredy"]
[Result "1-0"]
[WhiteElo "1704"]
[BlackElo "1814"]
[PlyCount "73"]

1. c4 Nf6 2. Nc3 g6 3. g3 Bg7 4. Bg2 O-O 5. Nf3 d5 6. cxd5 Nxd5 7. O-O Nc6 8.
Nxd5 Qxd5 9. Ne1 Qb5 10. d3 Bg4 11. h3 Be6 12. Nc2 Rad8 13. Na3 Qc5 14. Qc2
Qxc2 15. Nxc2 Na5 16. Ne3 Rd6 17. Rb1 b5 18. b3 Nc6 19. Kh2 Nd4 20. Re1 c5 21.
Bb2 Rc8 22. Rbc1 Nf3+ 23. Bxf3 Bxb2 24. Rc2 Bd4 25. Kg2 Kg7 26. Rec1 f5 27. Nf1
Bd5 28. Bxd5 Rxd5 29. e3 Bf6 30. d4 e5 31. Rxc5 Rdxc5 32. dxc5 a5 33. Nd2 Be7
34. c6 Kf6 35. Nf3 h6 36. a4 Ke6 37. axb5 1-0

[Event "Tournoi Skype 016A"]
[Site "Skype"]
[Date "????.??.??"]
[Round "6.7"]
[White "Janssen, Gerard"]
[Black "Hervais, Adrien"]
[Result "0-1"]
[WhiteElo "1761"]
[BlackElo "1999"]
[PlyCount "54"]

1. d4 d5 2. c4 e6 3. Nc3 Nf6 4. Nf3 Bb4 5. e3 O-O 6. Qc2 a6 7. c5 Ne4 8. Bd3 f5
9. O-O Nd7 10. a3 Bxc3 11. bxc3 Rf6 12. c4 Rh6 13. h4 Ndf6 14. g3 Ng4 15. Bxe4
fxe4 16. Ne5 Nxe5 17. dxe5 g5 18. f4 gxh4 19. g4 c6 20. Kh2 Bd7 21. Bd2 Qe7 22.
cxd5 exd5 23. Rg1 Rg6 24. Kh3 Bxg4+ 25. Rxg4 Qe6 26. Rag1 h5 27. Kxh4 Rxg4+ 0-1

[Event "Tournoi Skype 016A"]
[Site "Skype"]
[Date "????.??.??"]
[Round "6.8"]
[White "Deville, Olivier"]
[Black "Brun, Jacques"]
[Result "1-0"]
[WhiteElo "1945"]
[BlackElo "1804"]
[PlyCount "79"]

1. c4 g6 2. Nc3 Bg7 3. e4 Nc6 4. Nf3 d6 5. d4 Bg4 6. d5 Nd4 7. Be2 Nxe2 8. Qxe2
c5 9. h3 Bd7 10. e5 dxe5 11. Nxe5 Nf6 12. O-O O-O 13. Re1 Re8 14. Bg5 h6 15.
Bh4 g5 16. Bg3 a6 17. Rad1 Bf5 18. Qf3 Bh7 19. d6 exd6 20. Qxb7 Re7 21. Qf3 Nd7
22. Nc6 Rxe1+ 23. Rxe1 Qf8 24. Bxd6 Qxd6 25. Ne7+ Kh8 26. Qxa8+ Nf8 27. Ned5
Bxc3 28. Nxc3 Kg7 29. Qd5 Qc7 30. Qe5+ Qxe5 31. Rxe5 Ne6 32. Rd5 Bc2 33. Rd6 a5
34. Ra6 Kf6 35. Rxa5 Ke5 36. Ra7 f6 37. Rd7 Nf4 38. a4 Bf5 39. Rd8 Ne6 40. Rd5+
1-0

[Event "Tournoi Skype 016A"]
[Site "Skype"]
[Date "????.??.??"]
[Round "6.10"]
[White "Rico Hernandez, Edgar"]
[Black "Murgia, Stefano"]
[Result "1-0"]
[WhiteElo "1872"]
[BlackElo "1666"]
[PlyCount "33"]

1. d4 f5 2. c4 Nf6 3. Nc3 d6 4. Nf3 g6 5. e3 Bg7 6. Bd3 O-O 7. O-O c6 8. b4 e5
9. Be2 e4 10. Nd2 c5 11. bxc5 dxc5 12. Ba3 Nfd7 13. Nb3 b6 14. Rc1 Nc6 15. dxc5
Rf7 16. Nb5 bxc5 17. Nd6 1-0

[Event "Tournoi Skype 016A"]
[Site "Skype"]
[Date "????.??.??"]
[Round "6.11"]
[White "Engstrom, Olle"]
[Black "Altinok, Selim"]
[Result "1-0"]
[WhiteElo "1654"]
[BlackElo "1854"]
[PlyCount "55"]

1. d4 Nf6 2. c4 g6 3. Nc3 Bg7 4. e4 d6 5. Nf3 O-O 6. Be2 e5 7. O-O Nc6 8. d5
Ne7 9. b4 a5 10. Ba3 axb4 11. Bxb4 Nd7 12. a4 f5 13. Ng5 Nf6 14. f3 Nh5 15. Nh3
Bd7 16. Kh1 Nf4 17. Nf2 Kh8 18. Nd3 Ng8 19. c5 Qg5 20. g3 Nxd3 21. Qxd3 dxc5
22. Bxc5 Rfd8 23. Be3 Qe7 24. Qd2 Qd6 25. Nb5 Bxb5 26. Bxb5 Nf6 27. Qc2 Rac8
28. Bc5 1-0

[Event "Tournoi Skype 016A"]
[Site "Skype"]
[Date "????.??.??"]
[Round "6.12"]
[White "Altinok, Kerim"]
[Black "Trivedi, Viral"]
[Result "1-0"]
[WhiteElo "1817"]
[BlackElo "1587"]
[PlyCount "47"]

1. d4 Nf6 2. Nf3 d5 3. c4 c6 4. Nc3 Bf5 5. Qb3 Qc7 6. Bf4 Qc8 7. cxd5 cxd5 8.
Nxd5 Nxd5 9. Qxd5 e6 10. Qb3 Nc6 11. Rc1 Qd7 12. e3 Rc8 13. Bb5 Bb4+ 14. Ke2
Bd6 15. Bxd6 Qxd6 16. Ne5 O-O 17. Bxc6 bxc6 18. Qa4 Be4 19. f3 Bg6 20. Rxc6 Qb8
21. b3 Rxc6 22. Nxc6 Qc7 23. Qc4 Rc8 24. Ne7+ 1-0

[Event "Tournoi Skype 016A"]
[Site "Skype"]
[Date "????.??.??"]
[Round "6.13"]
[White "Coruble, Didier"]
[Black "Segura Lozano, Marcos Antonio"]
[Result "0-1"]
[WhiteElo "1406"]
[BlackElo "1807"]
[PlyCount "36"]

1. Nf3 d5 2. b3 d4 3. d3 c5 4. Bb2 Nc6 5. c4 e5 6. Nbd2 Nf6 7. h3 Bd6 8. a3 O-O
9. g4 Re8 10. Nh4 e4 11. Nf5 Bf8 12. e3 g6 13. f4 gxf5 14. gxf5 Bxf5 15. Rg1+
Kh8 16. Qe2 exd3 17. Qg2 Rxe3+ 18. Be2 Bxh3 0-1

[Event "Tournoi Skype 016A"]
[Site "Skype"]
[Date "????.??.??"]
[Round "6.15"]
[White "Colak, Remzi"]
[Black "Yeter, Orhan"]
[Result "0-1"]
[WhiteElo "1465"]
[BlackElo "1505"]
[PlyCount "94"]

1. d4 Nf6 2. c4 e6 3. Nc3 b6 4. Nf3 Bb7 5. e3 Bb4 6. Be2 O-O 7. O-O Re8 8. a3
Bxc3 9. bxc3 d6 10. Nd2 e5 11. dxe5 Rxe5 12. Nf3 Re8 13. Re1 Nbd7 14. Qc2 Nc5
15. Nd2 Nfe4 16. f3 Nf6 17. Nf1 Nh5 18. Ng3 Nxg3 19. hxg3 Qg5 20. Kf2 Re6 21.
e4 Qf6 22. Kg1 Rae8 23. Bd3 Qg6 24. Bf4 Qh5 25. Kf2 g5 26. Rh1 Nxd3+ 27. Qxd3
Qg6 28. Be3 Rf6 29. Kg1 c5 30. Rh2 g4 31. Rh6 Qg7 32. Rxf6 Qxf6 33. Bf4 Qg6 34.
Re1 gxf3 35. gxf3 h5 36. Qxd6 Qxd6 37. Bxd6 Ba6 38. e5 Bxc4 39. Kf2 Kg7 40. f4
Kg6 41. Ke3 Kf5 42. Rh1 Rh8 43. Rb1 Kg4 44. Kf2 h4 45. Rg1 h3 46. Rd1 h2 47.
Be7 h1=Q 0-1

[Event "Tournoi Skype 016A"]
[Site "Skype"]
[Date "????.??.??"]
[Round "6.16"]
[White "Legueltel, Daniel"]
[Black "Rochette, Mathieu"]
[Result "1-0"]
[WhiteElo "1757"]
[BlackElo "1516"]
[PlyCount "47"]

1. d4 Nf6 2. c4 e6 3. Nc3 d5 4. Nf3 c6 5. e3 Nbd7 6. Qc2 Bd6 7. Bd3 O-O 8. O-O
Re8 9. c5 Bc7 10. b4 a6 11. Bb2 e5 12. dxe5 Nxe5 13. Nxe5 Bxe5 14. Ne2 Ne4 15.
Ng3 Qh4 16. Bxe5 Rxe5 17. Bxe4 dxe4 18. Rad1 Bf5 19. Rd4 Bg6 20. Rd7 Re7 21.
Rfd1 Rxd7 22. Rxd7 b6 23. cxb6 Rd8 24. Qxc6 1-0

[Event "Tournoi Skype 016A"]
[Site "Skype"]
[Date "????.??.??"]
[Round "6.17"]
[White "Gharbi, Said"]
[Black "Casey, Eamonn"]
[Result "0-1"]
[WhiteElo "1511"]
[BlackElo "1753"]
[PlyCount "64"]

1. e4 e6 2. d4 d5 3. exd5 exd5 4. Nf3 Nf6 5. c4 Bb4+ 6. Nbd2 O-O 7. a3 Re8+ 8.
Be2 Bd6 9. O-O c6 10. c5 Bf4 11. b4 Bg4 12. h3 Bf5 13. Nh4 Be6 14. Bd3 Ne4 15.
Nxe4 dxe4 16. Bxf4 exd3 17. Nf3 Bc4 18. Ne5 Qxd4 19. Nxc4 Qxc4 20. Bd6 Nd7 21.
Rc1 Qd4 22. Qf3 Ne5 23. Qg3 Nc4 24. Bf4 Re2 25. Rcd1 d2 26. Qf3 Rae8 27. Qg4
Nb2 28. Rxd2 Rxd2 29. Qg3 Rd1 30. Be3 Rxf1+ 31. Kh2 Qd1 32. Qf4 Nd3 0-1

[Event "Tournoi Skype 016A"]
[Site "Skype"]
[Date "????.??.??"]
[Round "6.18"]
[White "Perez Fermin, Jose"]
[Black "L'Herbon De Lussats, Jean"]
[Result "1/2-1/2"]
[WhiteElo "1639"]
[BlackElo "1507"]
[PlyCount "107"]

1. e4 c5 2. Nf3 a6 3. d4 cxd4 4. Nxd4 e5 5. Nb3 Nf6 6. Bg5 Be7 7. Nc3 Nc6 8. a3
d6 9. Qd2 Ng4 10. Bxe7 Qxe7 11. f3 Nf6 12. O-O-O O-O 13. Qxd6 Qxd6 14. Rxd6 Be6
15. Nc5 Rad8 16. Rxd8 Nxd8 17. Be2 a5 18. Rd1 b6 19. Nxe6 Nxe6 20. Rd6 Rb8 21.
Nb5 Ne8 22. Rd7 Nc5 23. Rd5 f6 24. Bc4 Kf8 25. h4 Ke7 26. Na7 Rb7 27. Nc6+ Kf8
28. Nd8 Rd7 29. Rxd7 Nxd7 30. Nc6 Nd6 31. Bb3 Nc5 32. Bd5 g6 33. g4 h6 34. b3
Nd3+ 35. cxd3 Kg7 36. Kd2 f5 37. Nxe5 Kf6 38. Nd7+ Ke7 39. Nxb6 fxg4 40. fxg4
g5 41. hxg5 hxg5 42. Nc4 Nb5 43. Nxa5 Nxa3 44. Nc6+ Kd6 45. d4 Nb1+ 46. Kd3 Na3
47. Na7 Kc7 48. e5 Kb6 49. Nc6 Nb5 50. Nb4 Nc7 51. Bc4 Ne8 52. Ke4 Ka5 53. Nd5
Nd6+ 54. exd6 1/2-1/2

[Event "Tournoi Skype 016A"]
[Site "Skype"]
[Date "????.??.??"]
[Round "6.19"]
[White "Bendre, Pankaj"]
[Black "Grib, Johannes"]
[Result "0-1"]
[WhiteElo "1570"]
[BlackElo "1472"]
[PlyCount "32"]

1. e4 e5 2. Nf3 Nf6 3. Nxe5 Nc6 4. Nxc6 dxc6 5. d3 h6 6. Be2 h5 7. Bg5 Qd4 8.
Nc3 Ng4 9. O-O Bd6 10. Bxg4 hxg4 11. g3 Qc5 12. Qd2 f6 13. Be3 Qh5 14. f4 gxf3
15. Rf2 Bxg3 16. hxg3 Qh1# 0-1

[Event "Tournoi Skype 016A"]
[Site "Skype"]
[Date "????.??.??"]
[Round "6.20"]
[White "Yardimci, Ertan"]
[Black "Malbec, Robert"]
[Result "1/2-1/2"]
[WhiteElo "1494"]
[BlackElo "1525"]
[PlyCount "154"]

1. e4 e5 2. Nf3 Nc6 3. Bb5 a6 4. Ba4 b5 5. Bb3 Nf6 6. O-O Bc5 7. c3 d6 8. h3
Nxe4 9. d4 Bb7 10. dxc5 Nxc5 11. Bc2 Qf6 12. Bg5 Qe6 13. Re1 f6 14. Bh4 g5 15.
Bg3 h5 16. Nd4 Qf7 17. b4 Ne6 18. Nxe6 Qxe6 19. Bb3 Qd7 20. Nd2 O-O-O 21. Ne4
Qe7 22. Qf3 Rdf8 23. Qf5+ Kb8 24. a4 Qg7 25. Qf3 g4 26. Qe3 gxh3 27. gxh3 h4
28. Kh2 hxg3+ 29. Qxg3 Qh6 30. Qe3 bxa4 31. Bxa4 Ne7 32. Qxh6 Rxh6 33. Bd7 Rfh8
34. Ng3 Bc8 35. Bxc8 Kxc8 36. Rxa6 Rxh3+ 37. Kg2 Kd7 38. c4 Ng6 39. Re4 Nf4+
40. Kf1 Nd3 41. Ra4 Rh2 42. Re2 Nf4 43. Rd2 Rg2 44. c5 d5 45. Rxd5+ Nxd5 46.
Kxg2 Rg8 47. Kf3 Rf8 48. b5 Rb8 49. c6+ Kd6 50. Ne4+ Ke7 51. Ra5 Nb6 52. Ke2
Nc4 53. Ra7 Rxb5 54. Rxc7+ Ke6 55. Rb7 Rb2+ 56. Rxb2 Nxb2 57. Nxf6 Kd6 58. Nd7
Nc4 59. Kd3 Kd5 60. c7 Nd6 61. Nb6+ Kc6 62. c8=Q+ Nxc8 63. Nxc8 Kd5 64. Ne7+
Ke6 65. Nc6 Kd5 66. Nxe5 Kxe5 67. Ke3 Kf5 68. Kf3 Kg5 69. Ke4 Kf6 70. f3 Ke6
71. Kf4 Kf6 72. Kg4 Kg6 73. f4 Kf6 74. f5 Kf7 75. Kg5 Kg7 76. f6+ Kf7 77. Kh6
Kxf6 1/2-1/2

[Event "Tournoi Skype 016A"]
[Site "Skype"]
[Date "????.??.??"]
[Round "6.21"]
[White "Saponara, Jose Maria"]
[Black "Aranzubia, Desiderio"]
[Result "0-1"]
[WhiteElo "1520"]
[BlackElo "1491"]
[PlyCount "54"]

1. e4 c5 2. c4 e6 3. Nc3 Nc6 4. g3 h6 5. Bg2 e5 6. d3 d6 7. Nge2 Be6 8. O-O Nf6
9. f4 Ne7 10. Nd5 Nexd5 11. cxd5 Bd7 12. fxe5 dxe5 13. Bd2 Qc8 14. Qe1 Bh3 15.
Bc3 Bxg2 16. Kxg2 Bd6 17. Rf5 Nxd5 18. Bxe5 Ne3+ 19. Kh1 Nxf5 20. exf5 Bxe5 21.
Nf4 Qxf5 22. Rc1 O-O 23. Rxc5 Rfe8 24. Qb4 b6 25. Rd5 Rad8 26. Qb5 Qf6 27. Kg2
Bxf4 0-1

[Event "Tournoi Skype 016A"]
[Site "Skype"]
[Date "????.??.??"]
[Round "6.22"]
[White "Duthoit, Bernard"]
[Black "Tripathi, Rajnikant"]
[Result "1/2-1/2"]
[WhiteElo "1476"]
[BlackElo "1544"]
[PlyCount "43"]

1. e4 c6 2. Nf3 d5 3. exd5 Qxd5 4. Nc3 Qa5 5. Bc4 Bf5 6. O-O e6 7. d3 Nd7 8.
Bd2 Ngf6 9. Ne4 Qd8 10. Nxf6+ Nxf6 11. Bc3 Be7 12. Re1 O-O 13. h3 Qb6 14. Qe2
Nh5 15. Qe3 Qxe3 16. Rxe3 Bg6 17. Ne5 Rad8 18. Nxg6 hxg6 19. Rae1 Bc5 20. R3e2
Nf4 21. Rd2 Bb6 22. a3 1/2-1/2

[Event "Tournoi Skype 016A"]
[Site "Skype"]
[Date "????.??.??"]
[Round "6.23"]
[White "Korkmaz, Serdar"]
[Black "Antonic, Nenad"]
[Result "1-0"]
[WhiteElo "1449"]
[BlackElo "1545"]
[PlyCount "39"]

1. e4 c6 2. d4 d5 3. e5 Bf5 4. Nf3 g6 5. h3 h5 6. Nh4 Bc8 7. Bd3 e6 8. Nf3 Nd7
9. O-O Bg7 10. c3 c5 11. Qc2 c4 12. Bxg6 fxg6 13. Qxg6+ Kf8 14. Ng5 Nxe5 15.
dxe5 Nh6 16. Nh7+ Kg8 17. Nf6+ Kf8 18. Nxh5 Qd7 19. b3 b5 20. Ba3+ 1-0

[Event "Tournoi Skype 016A"]
[Site "Skype"]
[Date "????.??.??"]
[Round "6.24"]
[White "Galani, Mahendra"]
[Black "Aceituno, Stebe"]
[Result "0-1"]
[WhiteElo "1507"]
[BlackElo "1626"]
[PlyCount "148"]

1. c3 Nf6 2. d3 d5 3. Nd2 Nc6 4. Ngf3 d4 5. Nb3 dxc3 6. bxc3 e5 7. Qc2 Be7 8.
e4 O-O 9. h3 b6 10. Be2 a5 11. Nh2 b5 12. Ng4 Bxg4 13. hxg4 b4 14. g5 a4 15.
Nd2 bxc3 16. Qxc3 Nd4 17. gxf6 Bxf6 18. Bg4 c5 19. Ba3 Re8 20. Bxc5 Qc7 21.
Bxd4 Qb8 22. Rb1 exd4 23. Qc6 Qd8 24. Rb7 Rb8 25. Rxb8 Qxb8 26. Qxa4 Rd8 27.
Qc4 Qb2 28. f4 Be7 29. Qc7 Kf8 30. Rxh7 Kg8 31. Rh2 Qa3 32. Bf5 g6 33. Bd7 Qd6
34. Qxd6 Bxd6 35. f5 Kg7 36. Rh4 Bg3+ 37. Ke2 Bxh4 38. Nf3 Bf6 39. Ba4 gxf5 40.
exf5 Rb8 41. Bb3 Re8+ 42. Kf2 Re3 43. Bc4 Bd8 44. Nxd4 Re5 45. g4 Bb6 46. Kf3
Bxd4 47. Kf4 Re7 48. Kg5 f6+ 49. Kh5 Re2 50. Kh4 Rg2 51. Kh3 Rg1 52. a4 Kh6 53.
a5 Kg5 54. a6 Kf4 55. Bd5 Ra1 56. Bc4 Kf3 57. Bd5+ Kf4 58. Bc4 Kg5 59. Bb5 Rg1
60. Bc6 Rxg4 61. Be4 Rf4 62. Kg3 Ba7 63. Kh3 Rf1 64. Kg2 Rf2+ 65. Kg3 Ra2 66.
Bb7 Kxf5 67. Bc8+ Kg5 68. Kf3 Rf2+ 69. Ke4 f5+ 70. Kd5 Rd2 71. Kc6 Rxd3 72. Kb7
Bd4 73. a7 Bxa7 74. Kxa7 Rc3 0-1